|
|
|
|
| LEADER |
01523nam a2200373 a 4500 |
| 001 |
mzk03001185494 |
| 003 |
CZ BrMZK |
| 005 |
20130211163421.0 |
| 007 |
ta |
| 008 |
120516s1868 xr f |||| 0 ger|d |
| 040 |
|
|
|a BOA001
|b cze
|
| 072 |
|
7 |
|a 371
|x Školství (organizace)
|2 Konspekt
|9 22
|
| 072 |
|
7 |
|a 094.5
|x Tisky (19. století)
|2 Konspekt
|9 12
|
| 080 |
|
|
|a 371(091)
|2 MRF
|
| 080 |
|
|
|a 025.171
|2 MRF
|
| 100 |
1 |
|
|a Nocar, Adolf,
|d 1838-1907
|7 jk01090219
|4 aut
|
| 245 |
1 |
0 |
|a Erstes Programm der hohen Orts autorisirten HANDELS-LEHR-ANSTALT des adolf nocar in Prag, Hibernergasse Nro. 998-II. (Amtsort der k.k. privil. Creditanstalt)
|
| 260 |
|
|
|a [Prag] :
|b Verlag des uinstituts-Vorstehers,
|c 1868
|f (Druck von Dr. Fr. Skrejšovský in Prag 1868 - Selbsverlag)
|
| 300 |
|
|
|a 7 s. ;
|c 8°
|
| 500 |
|
|
|a Výzdoba: Na tiskařské obálce rámce z typografických ozdůbek
|
| 561 |
|
|
|a Provenience: [razítko] Bibliotheca Mon. Raigrad. O.S.B
|
| 563 |
|
|
|a Tiskařská obálka
|
| 650 |
|
7 |
|a dějiny školství
|7 ph536908
|2 czenas
|
| 650 |
|
7 |
|a historické knihovní fondy
|7 ph172933
|2 czenas
|
| 856 |
4 |
1 |
|u https://imageserver.mzk.cz/mzk03/001/185/494/328100205912.titul.jp2
|y Titulní list
|
| 910 |
|
|
|e BOE950
|c R - S. e. 10,54
|
| 978 |
|
|
|b Skrejšovský, František
|a Praha
|c 1868
|
| 982 |
0 |
|
|a Rajhrad - benediktinský klášter
|
| 984 |
|
|
|a Praha
|b Česko
|
| 985 |
|
|
|a 1851-1900
|
| 990 |
|
|
|a BK
|
| 996 |
|
|
|e BOE950
|c R - S. e. 10,54
|
| 980 |
|
|
|c 205912
|g R - S. e. 10,54
|1 328100205912
|p BNr. 24074 aa.
|
| 991 |
|
|
|k rajhrad
|